Google chce všetko. Už zasa

Stratégia nového šéfa Googlu Sundara Pichaia. Svet IT sa končí, mení sa na svet AI. Smart speaker s názvom Google home, ktorý má súperiť s Echom od Amazonu. Messaging aplikácia Allo. Nový interaktívny spôsob ako komunikovať s Googlom. Vytvorenie prehliadača Chrome a Pichaiova reputácia produktového...

Ausführliche Beschreibung

Gespeichert in:
Bibliographische Detailangaben
1. Verfasser: Helft, Miguel
Format: Buchkapitel
Sprache:Slowakisch
Schlagworte:
Tags: Tag hinzufügen
Keine Tags, Fügen Sie das erste Tag hinzu!

MARC

LEADER 00000naa a2200000 4500
001 0221729
005 20231013092041.6
041 0 |a slo 
044 |a SK 
245 1 0 |a Google chce všetko. Už zasa  |c Miguel Helft 
520 |a Stratégia nového šéfa Googlu Sundara Pichaia. Svet IT sa končí, mení sa na svet AI. Smart speaker s názvom Google home, ktorý má súperiť s Echom od Amazonu. Messaging aplikácia Allo. Nový interaktívny spôsob ako komunikovať s Googlom. Vytvorenie prehliadača Chrome a Pichaiova reputácia produktového génia. Google brain. Rivali Googlu a ich iniciatívy. 
610 2 0 |a internet 
610 2 0 |a technológie informačné 
610 2 0 |a technológie komunikačné 
610 2 0 |a inteligencia umelá 
610 2 0 |a firmy 
610 2 0 |a manažéri 
100 1 |a Helft, Miguel